Space math / (Record no. 8048)
[ view plain ]
| 000 -LEADER | |
|---|---|
| fixed length control field | 00759nam a22002297a 4500 |
| 001 - CONTROL NUMBER | |
| control field | 8048 |
| 003 - CONTROL NUMBER IDENTIFIER | |
| control field | FISKH |
| 005 - DATE AND TIME OF LATEST TRANSACTION | |
| control field | 20250819152704.0 |
| 008 - FIXED-LENGTH DATA ELEMENTS--GENERAL INFORMATION | |
| fixed length control field | 250819b cb ||||| |||| 00| 0 eng d |
| 020 ## - INTERNATIONAL STANDARD BOOK NUMBER | |
| International Standard Book Number | 9780545547468 |
| 040 ## - CATALOGING SOURCE | |
| Original cataloging agency | FISKH |
| Language of cataloging | eng |
| Transcribing agency | FISKH |
| Modifying agency | FISKH |
| 050 ## - LIBRARY OF CONGRESS CALL NUMBER | |
| Classification number | PZ7 |
| 082 ## - DEWEY DECIMAL CLASSIFICATION NUMBER | |
| Classification number | 416 |
| 100 ## - MAIN ENTRY--PERSONAL NAME | |
| Personal name | Alexander, Karen |
| 245 ## - TITLE STATEMENT | |
| Title | Space math / |
| Statement of responsibility, etc. | by Karen Alexander |
| 260 ## - PUBLICATION, DISTRIBUTION, ETC. | |
| Place of publication, distribution, etc. | New York : |
| Name of publisher, distributor, etc. | Scholastic , |
| Date of publication, distribution, etc. | 2012. |
| 300 ## - PHYSICAL DESCRIPTION | |
| Extent | 24 pages : |
| Other physical details | color illustrations ; |
| Dimensions | 23 cm . |
| 520 ## - SUMMARY, ETC. | |
| Summary, etc. | "Read how math has helped us to learn about the planets, the stars, and other objects in our immense, mysterious, and exciting universe. Includes questions and answers."--Scholastic |
| 700 ## - ADDED ENTRY--PERSONAL NAME | |
| Personal name | Lam, Amy |
| Relator term | Designer |
| 942 ## - ADDED ENTRY ELEMENTS (KOHA) | |
| Source of classification or shelving scheme | Dewey Decimal Classification |
| Koha item type | Books |
| Suppress in OPAC | No |
| Withdrawn status | Lost status | Source of classification or shelving scheme | Damaged status | Not for loan | Home library | Current library | Shelving location | Date acquired | Total Checkouts | Full call number | Barcode | Date last seen | Price effective from | Koha item type |
|---|---|---|---|---|---|---|---|---|---|---|---|---|---|---|
| Dewey Decimal Classification | Footprints International School Library Network Toul Tom Poung Campus | Footprints International School Library Network Toul Tom Poung Campus | TTP Secondary Non-Fiction Bookshelves | 08/19/2025 | ALE PZ7 416 | FISTK05514 | 08/19/2025 | 08/19/2025 | Books |
